| 000 | 005510000a22001930004500 | ||
|---|---|---|---|
| 003 | LK-CoMWRAF | ||
| 005 | 20240106112249.0 | ||
| 008 | 230817t2005 ||||| |||| 00| 0 eng d | ||
| 020 | _a8129106302 | ||
| 040 |
_aLK-CoMWRAF _dLK-CoMWRAF _eLK-CoMWRAF |
||
| 041 | _aeng | ||
| 082 |
_a891.441 _bNAS |
||
| 100 | _aNasreen, Taslima | ||
| 245 | _aAll about Women | ||
| 260 |
_aNew Delhi: _bRupa & Company _c2005 |
||
| 300 | _a[vii], 64 p., 8 unnumbered pages of plates : color ill. ; 20 cm | ||
| 650 | _aBENGALI POETRY-English translations | ||
| 942 | _cBK | ||
| 999 |
_c1154 _d1154 |
||